|
|
|
|
| LEADER |
01190cam a22002771 4500 |
| 001 |
283613 |
| 003 |
GR-PaULI |
| 005 |
20210117210945.0 |
| 008 |
850225s1968 ne b 000 0 eng |
| 952 |
|
|
|0 0
|1 0
|2 ddc
|4 0
|6 Π_Σ_511_300000000000000_INT
|7 0
|8 NFIC
|9 234819
|a LISP
|b LISP
|c REF
|d 2019-09-05
|i 37439
|l 0
|o Π/Σ 511.3 INT
|p 025000039166
|r 2019-09-05 00:00:00
|t 1
|v 2019.00
|w 2019-09-05
|y BK15
|
| 999 |
|
|
|c 142340
|d 142340
|
| 010 |
|
|
|a 67028648
|
| 040 |
|
|
|a DLC/ICU
|c GR-PaULI
|d
|b gre
|e AACR2
|
| 082 |
0 |
4 |
|a 511.3
|2 23
|
| 111 |
|
|
|a International Colloquium in the Philosophy of Science
|d (1965 :
|c Bedford College)
|9 177674
|
| 245 |
1 |
4 |
|a The problem of inductive logic /
|c edited by Imre Lakatos.
|
| 260 |
|
|
|a Amsterdam :
|b North Holland,
|c 1968.
|
| 300 |
|
|
|a viii, 420 σ. ;
|c 24 εκ.
|
| 490 |
1 |
|
|a Studies in logic and the foundations of mathematics
|v
|
| 500 |
|
|
|a
|
| 504 |
|
|
|a Περιλαμβάνει βιβλιογραφία.
|
| 650 |
|
4 |
|a Λογική, Συμβολική και μαθηματική
|9 472
|
| 700 |
1 |
|
|a Lakatos, Imre
|e επιμελητής.
|9 471
|
| 830 |
|
0 |
|a Studies in logic and the foundations of mathematics
|9 172249
|
| 942 |
|
|
|2 ddc
|c BKN
|
| 998 |
|
|
|c ΜΠΟΥΡΑΣ
|d 2019-09
|